Представление документа в формате RUSMARC

ПолеНазваниеЗначение
  Тип записи a
  Библиографический уровень m
001 Контрольный номер RU/SLIB/B/208735036
005 Дата корректировки 20260216111826.2
010 Индекс ISBN __
a ISBN 5-93476-016-5
d Цена 70-60
101 Язык документа 1_
a Язык текста rus
c Язык оригинала nnn
200 Заглавие и сведения об ответственности 0_
a Заглавие Шенгенские соглашения
f Первые сведения об ответственности сост., вступ. ст.: С. Ю. Кашкин, А. О. Четвериков ; пер. А. О. Четвериков
b Общее обозначение материала Текст
210 Выходные данные 1_
a Место издания М.
c Издательство Профобразование
d Дата издания 2000
215 Физическое описание __
a Объем 192 с.
327 Примечание о содержании 0_
a Примечание о содержании Соглашение между правительствами государств экономического союза Бенилюкс, Федеративной Республики Германии и Французской Республики "О постепенной отмене проверок на общих границах"
330 Аннотация __
a Аннотация Издание содержит полные тексты Шенгенских соглашений, которые устанавливают порядок пересечения внутренних и внешних границ Европейского союза, вводят единую (Шенгенскую) визу и регулируют сотрудничество государств - членов ЕС в сфере охраны правопорядка и борьбы с преступностью.
601 Наименование организации как предмет 12
a Наименование организации как предмет Бенилюкс
606 Тематические рубрики __
a Основная рубрика Право
606 Тематические рубрики __
a Основная рубрика Международное публичное право
y Географическая подрубрика Европа; Франция; Германия
610 Ключевые слова 0_
a Ключевые слова правительства; государства; экономические союзы; государственные границы; визы; иностранцы; ответственность; ходатайства; полиция; уголовные дела; правовая помощь; обвинительные приговоры; наркотики; огнестрельное оружие; боеприпасы; информационные системы; шенгенские соглашения; товары; министры; Государственные секретари; декларации; соглашения; конвенции; международное публичное право; безопасность; государственная безопасность; оружие
686 Индексы других классификаций __
a Классификационный индекс 67.91
702 Вторичная интеллектуальная ответственность _1
a Фамилия Кашкин
b Имя С. Ю.
4 Код отношения Составитель
4 Код отношения 220
4 Код отношения 080
702 Вторичная интеллектуальная ответственность _1
a Фамилия Четвериков
b Имя А. О.
4 Код отношения Переводчик
4 Код отношения 730
4 Код отношения 220
4 Код отношения 080
801 Источник записи _0
a Страна RU
b Организация Муниципальное бюджетное учреждение культуры "Централизованная библиотечная система" г. Сургут (Центральная городская библиотека им. А. С. Пушкина)
g Правила каталогизации КиК/Поспелова
801 Источник записи _1
a Страна RU
b Организация Муниципальное бюджетное учреждение культуры "Централизованная библиотечная система" г. Сургут (Центральная городская библиотека им. А. С. Пушкина)
g Правила каталогизации КиК/Поспелова
852 Данные о местонахождении __
j Шифр хранения 67.91
i Авторский знак Ш 47
p Инвентарный номер 03030201; 03030202; 03030204
901 Тип документа __
t Тип документа m
903 Характеристики (МАРС) __
a Дата передачи 20030325
990 Данные о заказе (DOS) __
j Количество экземпляров (DOS) 3
t N записи в КСУ для И/У (DOS) 200303
996 Контроль за деятельностью лиц, находящихся под иностранным влиянием __
b Текстовое указание Содержит информацию о наркотических или психотропных веществах, употребление которых опасно для здоровья. Их незаконный оборот влечет уголовную ответственность